00656nam a2200193Ia 450000500170000001000150001702000260003203500140005803700090007208200120008124500340009325000070012726000590013427000790019330000200027294200260029299900190031895201250033720250225161418.0 aENG-143831 a9789361592591c543.00 aEN-127363 bDBAD a530201 aIIT Foundation:bIIT Physics/ a01 a Uttar Pradeshbpearson india education servicesc2025 a1st Floor,Berger Tower, plot No.C-001A/2,Sector 16B, noida-201,301 bNoida a550p.c28cm(pb) cEN2ddcmIITh530e01 c209254d209254 001040718NFICaLbLd2025-02-18eDBADg543.00l0oIIT 530pEN-127363r2025-02-18 00:00:00t01v543.00w2025-02-18yEN